logo

Bir Sreshtho Munshi Abdur Rouf Library
Jhenaidah Cadet College

Personality theories : (Record no. 8187)

MARC details
000 -LEADER
fixed length control field 00844cam a2200301 a 4500
001 - CONTROL NUMBER
JCCL Control Number 8187
003 - CONTROL NUMBER IDENTIFIER
JCCL marc code BD-JhCC
005 - DATE AND TIME OF LATEST TRANSACTION
control field 20180219111244.0
008 - FIXED-LENGTH DATA ELEMENTS--GENERAL INFORMATION
fixed length control field 720606s1972 ilua b 001 0 eng
035 ## - SYSTEM CONTROL NUMBER
system control number (BD-JhCC)8187
035 ## - SYSTEM CONTROL NUMBER
system control number 1144095
040 ## - CATALOGING SOURCE
Original cataloging agency LC
Transcribing agency LC
Modifying agency NNCU:A
-- BD-JhCC
041 ## - LANGUAGE CODE
Language code of Book eng
050 00 - LIBRARY OF CONGRESS CALL NUMBER
Classification number BF698
Item number .M237 1972
082 04 - DEWEY DECIMAL CLASSIFICATION NUMBER
Classification number 155.2
Author mark and Year MAD 1972
100 1# - MAIN ENTRY--PERSONAL NAME
Personal name Maddi, Salvatore R.
245 10 - TITLE STATEMENT
Title Personality theories :
Remainder of title a comparative analysis /
Statement of responsibility, etc Salvatore R. Maddi.
250 ## - EDITION STATEMENT
Edition statement Rev. ed.
260 ## - PUBLICATION, DISTRIBUTION, ETC. (IMPRINT)
Place of publication, distribution, etc Homewood, Ill. :
Name of publisher, distributor, etc Dorsey Press,
Date of publication, distribution, etc 1972.
300 ## - PHYSICAL DESCRIPTION
Pagination xiv, 669 p. :
Other physical details ill. ;
Dimensions 24 cm.
490 1# - SERIES STATEMENT
Series statement The Dorsey series in psychology
504 ## - BIBLIOGRAPHY, ETC. NOTE
Bibliography, etc Bibliography: p. 573-608.
650 #0 - SUBJECT ADDED ENTRY--TOPICAL TERM
Topical term or geographic name as entry element Personality.
650 #2 - SUBJECT ADDED ENTRY--TOPICAL TERM
Topical term or geographic name as entry element Personality.
830 #0 - SERIES ADDED ENTRY--UNIFORM TITLE
Uniform title Dorsey series in psychology.
942 ## - ADDED ENTRY ELEMENTS (KOHA)
Source of classification or shelving scheme Dewey Decimal Classification
Koha item type Books
Holdings
Source of classification or shelving scheme Damaged status Not for loan Home library Current library Shelving location Total Checkouts Full call number Barcode Date last seen Copy number Koha item type
Dewey Decimal Classification     JCC Rouf Library JCC Rouf Library General Stacks   155.2 MAD 1972 9275 02/19/2018 C - 1 Books

JCC Library | Contacts | JCC Home

Last Update on 23 September 2017
Copyright @ 2017-2020 JCC Rouf Library
Rouf Library, Jhenidah Cadet College (JCC), Bangladesh